| 000 | 00440nam a2200169Ia 4500 | ||
|---|---|---|---|
| 008 | 221030s9999 xx 000 0 und d | ||
| 020 | _a8177588982 | ||
| 041 | _aEnglish | ||
| 082 |
_a105.23 _bGon |
||
| 100 | _aR. C. Gonzalez | ||
| 245 | 0 |
_aDigital Image Processing Using MATLAB _cby R. C. Gonzalez, R.E. Woods |
|
| 260 |
_bPearson Education _aDelhi _c2006 |
||
| 300 | _a620 | ||
| 650 | _aComputers | ||
| 700 | _aR.E. Woods | ||
| 942 | _cBK | ||
| 999 |
_c2725 _d2725 |
||